|
|
|
|
| LEADER |
00000nam0a2200000 4500 |
| 001 |
354417 |
| 005 |
20231102010705.0 |
| 035 |
|
|
|a (RuTPU)RU\TPU\retro\11675
|
| 090 |
|
|
|a 354417
|
| 100 |
|
|
|a 20200619d1979 km y0rusy50 ca
|
| 101 |
0 |
|
|a rus
|
| 102 |
|
|
|a RU
|
| 105 |
|
|
|a a j 001zy
|
| 200 |
1 |
|
|a Оптимитизация развития электрических систем
|f И. С. Рокотян, Д. А. Федоров
|g Московский энергетический институт
|
| 210 |
|
|
|a Москва
|c Московский институт энергобезопасности и энергосбережения
|d 1979
|
| 215 |
|
|
|a 44 с.
|c ил.
|
| 320 |
|
|
|a Библиогр.: с. 44
|
| 606 |
1 |
|
|a Электрические системы
|x Эксплуатация
|2 stltpush
|3 (RuTPU)RU\TPU\subj\27596
|9 51324
|
| 610 |
1 |
|
|a лекции
|
| 610 |
1 |
|
|a учебные пособия
|
| 610 |
1 |
|
|a развитие
|
| 610 |
1 |
|
|a оптимизация
|
| 610 |
1 |
|
|a линейное программирование
|
| 610 |
1 |
|
|a симплексный метод
|
| 610 |
1 |
|
|a таблицы
|
| 610 |
1 |
|
|a использование
|
| 610 |
1 |
|
|a алгоритмы
|
| 610 |
1 |
|
|a нагрузки
|
| 610 |
1 |
|
|a распределение
|
| 675 |
|
|
|a 621.311.004(075.8)
|v 4
|
| 700 |
|
1 |
|a Рокотян
|b И. С.
|g Ирина Сергеевна
|
| 701 |
|
1 |
|a Федоров
|b Д. А.
|g Дмитрий Анатольевич
|
| 712 |
0 |
2 |
|a Московский энергетический институт
|c (1930-1992)
|2 stltpush
|3 (RuTPU)RU\TPU\col\20092
|9 27693
|
| 801 |
|
1 |
|a RU
|b 63413507
|c 20200619
|
| 801 |
|
2 |
|a RU
|b 63413507
|c 20201225
|g RCR
|
| 942 |
|
|
|c BK
|